<?xml version="1.0" encoding="UTF-8"?>
<record
    xmlns:xsi="http://www.w3.org/2001/XMLSchema-instance"
    xsi:schemaLocation="http://www.loc.gov/MARC21/slim http://www.loc.gov/standards/marcxml/schema/MARC21slim.xsd"
    xmlns="http://www.loc.gov/MARC21/slim">

  <leader>00306nam a2200133Ia 4500</leader>
  <controlfield tag="008">191201s2006    xx            000 0 und d</controlfield>
  <datafield tag="100" ind1=" " ind2=" ">
    <subfield code="a">SUBRAHMANYAM, N</subfield>
  </datafield>
  <datafield tag="245" ind1=" " ind2="0">
    <subfield code="a">Optics</subfield>
  </datafield>
  <datafield tag="250" ind1=" " ind2=" ">
    <subfield code="a">23th</subfield>
  </datafield>
  <datafield tag="260" ind1=" " ind2=" ">
    <subfield code="a">N.Delhi</subfield>
    <subfield code="b">S Chand and Co. Ltd.</subfield>
    <subfield code="c">2006</subfield>
  </datafield>
  <datafield tag="300" ind1=" " ind2=" ">
    <subfield code="a">668</subfield>
  </datafield>
  <datafield tag="650" ind1=" " ind2=" ">
    <subfield code="a">B.Tech(ECE)</subfield>
  </datafield>
  <datafield tag="942" ind1=" " ind2=" ">
    <subfield code="2">ddc</subfield>
    <subfield code="c">BK</subfield>
  </datafield>
  <datafield tag="999" ind1=" " ind2=" ">
    <subfield code="c">3236</subfield>
    <subfield code="d">3236</subfield>
  </datafield>
  <datafield tag="952" ind1=" " ind2=" ">
    <subfield code="0">0</subfield>
    <subfield code="1">0</subfield>
    <subfield code="2">ddc</subfield>
    <subfield code="4">0</subfield>
    <subfield code="7">0</subfield>
    <subfield code="8">APPLIED</subfield>
    <subfield code="a">PIET</subfield>
    <subfield code="b">PIET</subfield>
    <subfield code="d">2007-09-19</subfield>
    <subfield code="e">UDH, Delhi</subfield>
    <subfield code="g">315.00</subfield>
    <subfield code="k">1575</subfield>
    <subfield code="l">4</subfield>
    <subfield code="o">535.2 SUO</subfield>
    <subfield code="p">7956</subfield>
    <subfield code="r">2022-02-17 00:00:00</subfield>
    <subfield code="s">2022-01-04</subfield>
    <subfield code="w">2007-08-31</subfield>
    <subfield code="y">BK</subfield>
  </datafield>
  <datafield tag="952" ind1=" " ind2=" ">
    <subfield code="0">0</subfield>
    <subfield code="1">0</subfield>
    <subfield code="2">ddc</subfield>
    <subfield code="4">0</subfield>
    <subfield code="7">0</subfield>
    <subfield code="8">APPLIED</subfield>
    <subfield code="a">PIET</subfield>
    <subfield code="b">PIET</subfield>
    <subfield code="d">2007-09-19</subfield>
    <subfield code="e">UDH, Delhi</subfield>
    <subfield code="g">315.00</subfield>
    <subfield code="k">1575</subfield>
    <subfield code="l">3</subfield>
    <subfield code="o">535.2 SUO</subfield>
    <subfield code="p">7957</subfield>
    <subfield code="r">2021-04-19 00:00:00</subfield>
    <subfield code="s">2021-03-27</subfield>
    <subfield code="w">2007-08-31</subfield>
    <subfield code="y">BK</subfield>
  </datafield>
  <datafield tag="952" ind1=" " ind2=" ">
    <subfield code="0">0</subfield>
    <subfield code="1">0</subfield>
    <subfield code="2">ddc</subfield>
    <subfield code="4">0</subfield>
    <subfield code="7">0</subfield>
    <subfield code="8">APPLIED</subfield>
    <subfield code="a">PIET</subfield>
    <subfield code="b">PIET</subfield>
    <subfield code="d">2007-09-19</subfield>
    <subfield code="e">UDH, Delhi</subfield>
    <subfield code="g">315.00</subfield>
    <subfield code="k">1575</subfield>
    <subfield code="l">3</subfield>
    <subfield code="o">535.2 SUO</subfield>
    <subfield code="p">7958</subfield>
    <subfield code="r">2022-02-14 00:00:00</subfield>
    <subfield code="s">2022-01-04</subfield>
    <subfield code="w">2007-08-31</subfield>
    <subfield code="y">BK</subfield>
  </datafield>
  <datafield tag="952" ind1=" " ind2=" ">
    <subfield code="0">0</subfield>
    <subfield code="1">0</subfield>
    <subfield code="2">ddc</subfield>
    <subfield code="4">0</subfield>
    <subfield code="7">0</subfield>
    <subfield code="8">APPLIED</subfield>
    <subfield code="a">PIET</subfield>
    <subfield code="b">PIET</subfield>
    <subfield code="d">2007-09-19</subfield>
    <subfield code="e">UDH, Delhi</subfield>
    <subfield code="g">315.00</subfield>
    <subfield code="k">1575</subfield>
    <subfield code="l">1</subfield>
    <subfield code="o">535.2 SUO</subfield>
    <subfield code="p">7959</subfield>
    <subfield code="r">2021-01-22 00:00:00</subfield>
    <subfield code="s">2021-01-07</subfield>
    <subfield code="w">2007-08-31</subfield>
    <subfield code="y">BK</subfield>
  </datafield>
  <datafield tag="952" ind1=" " ind2=" ">
    <subfield code="0">0</subfield>
    <subfield code="1">0</subfield>
    <subfield code="2">ddc</subfield>
    <subfield code="4">0</subfield>
    <subfield code="7">0</subfield>
    <subfield code="8">APPLIED</subfield>
    <subfield code="a">PIET</subfield>
    <subfield code="b">PIET</subfield>
    <subfield code="d">2007-09-19</subfield>
    <subfield code="e">UDH, Delhi</subfield>
    <subfield code="g">315.00</subfield>
    <subfield code="k">1575</subfield>
    <subfield code="l">5</subfield>
    <subfield code="o">535.2 SUO</subfield>
    <subfield code="p">7960</subfield>
    <subfield code="r">2021-04-14 00:00:00</subfield>
    <subfield code="s">2021-03-30</subfield>
    <subfield code="w">2007-08-31</subfield>
    <subfield code="y">BK</subfield>
  </datafield>
</record>
